000 00483nam a22001817a 4500
005 20251108172214.0
008 250721s1980 xx 000 0 ara d
082 1 4 _aط/ق/توم
100 1 _aالخوري، توما
245 1 0 _aمغامرات أوليس :
_bرواية /
250 _aط2
264 1 _aبيروت :
_bبيت الحكمة،
_c1980.
300 _a191ص
490 0 _aالأبطال
650 1 7 _aأدب الأطفال
942 _2ddc
_cBK
999 _c73102
_d73102